000 01166cam a2200361 i 4500
001 17686766
003 OSt
005 20260608123221.0
008 130405s2013 nju b 000 0 eng
010 _a 2013010220
020 _a9781596386808
_qpbk.
035 _a17686766
040 _aDLC
_beng
_cDLC
_erda
_dDLC
042 _apcc
050 0 0 _aBT317
_b.C76 2013
082 0 0 _a232.92/1
_223
100 1 _aCrowe, Brandon D.
245 1 0 _aWas Jesus really born of a virgin? /
_cBrandon D. Crowe.
250 _aFirst edition
264 1 _aPhillipsburg, New Jersey :
_bP&R Pub.,
_c[2013]
300 _a30 pages ;
_c22 cm.
336 _atext
_2rdacontent
337 _aunmediated
_2rdamedia
338 _avolume
_2rdacarrier
490 0 _aChristian answers to hard questions
504 _aIncludes bibliographical references.
583 _aCataloguing:
_c20260608
_kgtanuigtanui
650 0 _aVirgin birth
_xHistory of doctrines.
650 0 _aVirgin birth
_xBiblical teaching.
906 _a7
_bcbc
_corignew
_d1
_eecip
_f20
_gy-gencatlg
942 _2lcc
_cBK
999 _c21664
_d21663